Faculty of Law Library — Cairo University

Official Online Catalog

Elementorum jurisprudentiae universalis libri duo. (Record no. 48094)

MARC details
000 -LEADER
fixed length control field 01584naa a2200373 i 4500
003 - CONTROL NUMBER IDENTIFIER
control field EG-GICUC
005 - DATE AND TIME OF LATEST TRANSACTION
control field 20260121101420.0
008 - FIXED-LENGTH DATA ELEMENTS--GENERAL INFORMATION
fixed length control field 251203s1931 us ||||fr|||| 001 0 eng d
040 ## - CATALOGING SOURCE
Original cataloging agency EG-GiCUC
Language of cataloging eng
Transcribing agency EG-GiCUC
Modifying agency EG-GiCUC
Description conventions rda
041 1# - LANGUAGE CODE
Language code of text/sound track or separate title eng
082 04 - DEWEY DECIMAL CLASSIFICATION NUMBER
Edition number 21
Classification number 341.1
Item number PU . E
092 04 - LOCALLY ASSIGNED DEWEY CALL NUMBER (OCLC)
Edition number 21
099 ## - LOCAL FREE-TEXT CALL NUMBER (OCLC)
Classification number Law1 11 341.1 PU . E 1931
100 1# - MAIN ENTRY--PERSONAL NAME
Personal name Pufendorf, Samuel,
Dates associated with a name 1632-1694,
Relator term Author.
245 10 - TITLE STATEMENT
Title Elementorum jurisprudentiae universalis libri duo.
Number of part/section of a work Volume 2,
Name of part/section of a work The translation /
Statement of responsibility, etc. by Samuel Pufendorf ; The Translation by William Abbott Oldfather.
264 #3 - PRODUCTION, PUBLICATION, DISTRIBUTION, MANUFACTURE, AND COPYRIGHT NOTICE
Place of production, publication, distribution, manufacture New York :
Name of producer, publisher, distributor, manufacturer Oxford University Press,
Date of production, publication, distribution, manufacture, or copyright notice 1931.
264 #1 - PRODUCTION, PUBLICATION, DISTRIBUTION, MANUFACTURE, AND COPYRIGHT NOTICE
Place of production, publication, distribution, manufacture London :
Name of producer, publisher, distributor, manufacturer Humphrey Milford,
Date of production, publication, distribution, manufacture, or copyright notice 1931.
300 ## - PHYSICAL DESCRIPTION
Extent Various paging ;
Dimensions 24 cm.
336 ## - CONTENT TYPE
Source rda content
Content type term text
337 ## - MEDIA TYPE
Source rda media
Media type term Computer
338 ## - CARRIER TYPE
Source rda carrier
Carrier type term Online Resource
490 0# - SERIES STATEMENT
Series statement The classics of international law.
500 ## - GENERAL NOTE
General note Includes index
500 ## - GENERAL NOTE
General note Translated from Latin
504 ## - BIBLIOGRAPHY, ETC. NOTE
Bibliography, etc. note Bibliographic references
505 ## - FORMATTED CONTENTS NOTE
Formatted contents note VOL. 1. A Photographic Reproduction of the Edition of 1672, with an Introduction by Hans Wehberg, a List of Errats, and a portrait of Pufendorf. <br/>VOL. II. A Translation of the Text, by William Abbott Oldfather, with a Translation (by Edwin H. Zeydel) of the Introduction by Hans Wehberg, and an Index.
546 ## - LANGUAGE NOTE
Language note Text in English
650 14 - SUBJECT ADDED ENTRY--TOPICAL TERM
Topical term or geographic name entry element Public international law
Source of heading or term qrmak
651 1# - SUBJECT ADDED ENTRY--GEOGRAPHIC NAME
Source of heading or term qrmak
700 1# - ADDED ENTRY--PERSONAL NAME
Personal name Oldfather, William Abbott
Relator term Translator.
856 40 - ELECTRONIC LOCATION AND ACCESS
Uniform Resource Identifier <a href="https://fll.law.cu.edu.eg/fulltext/bks/B11-05278.pdf">https://fll.law.cu.edu.eg/fulltext/bks/B11-05278.pdf</a>
905 ## - Cataloger and Reviser Names
Cataloger Name: Rawan khaled
Revisor Name: Hassnaa
942 ## - ADDED ENTRY ELEMENTS (KOHA)
Source of classification or shelving scheme Dewey Decimal Classification
Suppress in OPAC No
Koha item type Books
Edition 21
Holdings
Withdrawn status Lost status Source of classification or shelving scheme Damaged status Not for loan Collection Home library Current library Date acquired Total checkouts Full call number Barcode Date last seen Copy number Price effective from Koha item type
    Dewey Decimal Classification   Not for loan القانون الدولي العام جــــامعة القــاهرة مكتبة كلية الحقوق - المبنى الرئيسي 03.12.2025   Law1 11 341.1 PU . E 1931 1105278 V2, C1 B11-05278 03.12.2025 1 03.12.2025 Books
    Dewey Decimal Classification     القانون الدولي العام جــــامعة القــاهرة مكتبة كلية الحقوق - المبنى الرئيسي 03.12.2025   Law1 11 341.1 PU . E 1931 1105415 V2, C2 B11-05415 03.12.2025 2 03.12.2025 Books
    Dewey Decimal Classification   Not for loan القانون الدولي العام جــــامعة القــاهرة مكتبة كلية الحقوق - فـرع الشيخ زايد 03.12.2025   Law2 11 341.1 PU . E 1931 1105279 V2, C3 B11-05279 03.12.2025 3 03.12.2025 Books

© All rights reserved — Faculty of Law, Cairo University